000 00294 a2200133 4500
000 nam a22 7a 4500
100 _aShruti
110 _aShruti
245 _aEvolution of The India Air Force 1932 Present
250 _alatest edition
260 _c2026
264 _c2026
942 _cBK
999 _c395552
_d395552